000 00249nam a2200097Ia 4500
001 759939
005 20250826165139.0
008 250824s9999 xx 000 0 und d
245 0 _aÖKSÜZLER TRENİ
_cCHRISTINA BAKER KLINE
260 _bARKADYA YAYINLARI
999 _c759939
_d759939